000 00988nam a22002297a 4500
005 20170124103216.0
010 _aB-044524
020 _c90.00
035 _aB-044524
037 _bCen Lib/Ret
040 _aDPL
_bHN
082 _a000
_bजैनए
100 _aजैन, एस.
_9133839
245 _aउपकार वायु सैनिक भारती परीक्षा /
_cएस.जैन
246 _aUpkar vayu sainik bharti pariksha /
_bby S. Jain
260 _aआगरा
_bउपकार प्रकाशन
270 _bआगरा
_a2/11 ए, स्वदेशी बीमा नगर (शाह सिनेमा के सामने )
_e282002
300 _aभिन्न पृष्ठ
_c22सेमी(सजिल्द )
650 _aवायु सैनिक -- परीक्षा
_x
_z
_996764
650 _aAir soldier-- Exam -- Uttar Pradesh
_999272
942 _2ddc
_cHN
_h000
_mजैनए
999 _c121542
_d121542